000 00617nam a2200217Ia 4500
003 GCL
008 140319s9999 xx 000 0 ara d
040 _aGCL /
_cGCL
082 0 4 _a618.175
_bس س
100 1 _aستد، جو و.
245 1 0 _aسن اليأس /
_cستد، جو و.
700 1 _aتوم، مرجريت
700 1 _aسيد على قنصوة (مترجم)
260 _a[S.N] :
_bدار الشروق ،
_c1983
300 _a54 ص
490 _aدليل الجيب للصحة
_v0
650 0 4 _aامراض
650 0 4 _aالنساء
650 0 4 _aالامراض النفسية
942 _2ddc
_cBK
999 _c54605
_d54605